اثر الادارة الرشيقة في تحسين جودة الخدمات الصحية في المستشفيات الخاصة الاردنية، الثقافة التنظيمية: كمتغير معدل = The Impact of Lean Mangement on Improving the Quality of Health Services in Private Jordanian Hospitals, Organizational Culture: as a Moderate / (Record no. 32241)
[ view plain ]
| 000 -LEADER | |
|---|---|
| fixed length control field | 01345nam a2200241Ii 4500 |
| 003 - CONTROL NUMBER IDENTIFIER | |
| control field | JO-AjNU |
| 005 - DATE AND TIME OF LATEST TRANSACTION | |
| control field | 20240625113443.0 |
| 008 - FIXED-LENGTH DATA ELEMENTS--GENERAL INFORMATION | |
| fixed length control field | 230605s9999||||xx |||||||||||||| ||und|| |
| 040 ## - CATALOGING SOURCE | |
| Original cataloging agency | JO-AjNU |
| Language of cataloging | ara |
| Description conventions | rda |
| Transcribing agency | JO-AjNU |
| 041 ## - LANGUAGE CODE | |
| Language code of text/sound track or separate title | ara |
| 050 14 - LIBRARY OF CONGRESS CALL NUMBER | |
| Classification number | HD9672.2022 |
| 100 #1 - MAIN ENTRY--PERSONAL NAME | |
| Personal name | المومني، لبنى مصطفى علي |
| Relator term | معد |
| 9 (RLIN) | 65621 |
| 245 00 - TITLE STATEMENT | |
| Title | اثر الادارة الرشيقة في تحسين جودة الخدمات الصحية في المستشفيات الخاصة الاردنية، الثقافة التنظيمية: كمتغير معدل = The Impact of Lean Mangement on Improving the Quality of Health Services in Private Jordanian Hospitals, Organizational Culture: as a Moderate / |
| Statement of responsibility, etc. | اعداد لبنى مصطفى علي المومني؛ اشراف ياسر عيسى محمود المومني |
| 264 31 - PRODUCTION, PUBLICATION, DISTRIBUTION, MANUFACTURE, AND COPYRIGHT NOTICE | |
| Place of production, publication, distribution, manufacture | 2022 |
| 300 ## - PHYSICAL DESCRIPTION | |
| Extent | 108 ورقة |
| 336 ## - CONTENT TYPE | |
| Content type term | text |
| Content type code | txt |
| Source | rdacontent |
| 337 ## - MEDIA TYPE | |
| Media type term | unmediated |
| Media type code | n |
| Source | rdamedia |
| 338 ## - CARRIER TYPE | |
| Carrier type term | volume |
| Carrier type code | nc |
| Source | rdacarrier |
| 500 ## - GENERAL NOTE | |
| General note | رسالة جامعية(اطروحة ماجستير) تخصص ادارة الاعمال/كلية ادارة الاعمال، جامعة عجلون الوطنية، 2022 |
| 650 #4 - SUBJECT ADDED ENTRY--TOPICAL TERM | |
| Topical term or geographic name entry element | الادارة الرشيقة-المستشفيات الخاصة |
| 9 (RLIN) | 63238 |
| 700 #1 - ADDED ENTRY--PERSONAL NAME | |
| Personal name | ياسر عيسى محمود المومني |
| Relator term | مشرف |
| 9 (RLIN) | 65263 |
| 942 ## - ADDED ENTRY ELEMENTS (KOHA) | |
| Source of classification or shelving scheme | Library of Congress Classification |
| Koha item type | Thesis |
| Withdrawn status | Lost status | Source of classification or shelving scheme | Damaged status | Not for loan | Home library | Current library | Shelving location | Date acquired | Total Checkouts | Full call number | Barcode | Date last seen | Price effective from | Koha item type |
|---|---|---|---|---|---|---|---|---|---|---|---|---|---|---|
| Library of Congress Classification | مكتبة جامعة عجلون الوطنية | مكتبة جامعة عجلون الوطنية | المراجع | 06/06/2023 | HD9672.2022 | A28673 | 06/06/2023 | 06/06/2023 | Thesis | |||||
| Library of Congress Classification | مكتبة جامعة عجلون الوطنية | مكتبة جامعة عجلون الوطنية | 25/06/2024 | HD9672.2022 | a28672 | 25/06/2024 | 25/06/2024 | Thesis |